000 00797nam a22002177a 4500
999 _c550
_d550
005 20190821113039.0
008 190821b ||||| |||| 00| 0 eng d
020 _a9780142417256
040 _cKH8
082 _aFIC SMI
100 _aSmith, Sherri L
245 _aFlygirl /
_cSherri L Smith
260 _aNew York:
_bSpeak, an imprint of Penguin Group (USA) Inc.,
_c2010.
300 _a278, 25 pages :
_b illustration ;
_c21 cm.
500 _aReprint. Originally published: New York, New York : G.P. Putnam's Sons, ©2008.
650 _aWomen Airforce Service Pilots (U.S.)
_vJuvenile fiction.
650 _aWorld War, 1939-1945
_vParticipation, Female
_xJuvenile fiction.
650 _aWomen Airforce Service Pilots (U.S.)
650 _aMilitary participation
_vFemale.
942 _2ddc
_cFIC